000 00639cai a22001935a 4500
001 L157888
008 130625u2013 xxk g 000 0 eng d
035 _a(Sirsi) u157888
041 0 _aeng
100 _aOllereanshaw, Thurstan
245 0 0 _aDelivery Role
260 _aRICS
_c2013
490 _aRICS Construction Journal
_vJune-July 2013, 20-21(2)
520 _aSummarises the recent Appointing a Project Manager guidance note and why it will help clients to view project managers as a safe pair of hands.
650 2 4 _aProject management
_96261
651 4 _aUnited Kingdom
_y
690 _aProject management
_96261
942 _n0
999 _c121001
_d121001